Capitals of Europe - Map Quiz - Statistics

General Stats
  • This quiz has been taken 5,844 times
  • The average score is 29 of 45
Answers on the Map
Answers color-coded by a green-red scale on the quiz's map according to % correct below.
 
Answer Stats
Answer % Correct
Paris
95%
Rome
95%
Berlin
94%
Madrid
89%
Dublin
88%
Lisbon
87%
Moscow
87%
Amsterdam
86%
Brussels
85%
Reykjavik
84%
Bern
83%
Copenhagen
83%
Oslo
83%
Stockholm
83%
Vienna
83%
Helsinki
82%
Warsaw
81%
Kiev
78%
Athens
73%
Prague
73%
Luxembourg
70%
Budapest
67%
Minsk
66%
Bucharest
62%
Riga
61%
Tallinn
61%
Zagreb
59%
Sofia
57%
Vilnius
56%
Bratislava
54%
Sarajevo
53%
Belgrade
51%
Ljubljana
51%
London
51%
Valletta
48%
Tirana
46%
Andorra la Vella
44%
Skopje
43%
Monaco
41%
San Marino
41%
Vatican City
41%
Podgorica
38%
Chișinău
30%
Vaduz
29%
Pristina
26%
No matching quizzes found
Score Distribution
Percent of People with Each Score
Percentile by Number Answered
Your Score History
You have not taken this quiz